000 00789na a2200217 4500
001 21607
003 MIRAKIL
005 20181213155110.0
008 170207b tu 000 0
040 _aMilas
_btur
_cTR-AnCHP
041 _atur
082 _a351.7225
_bD38i 2007
090 _a351.7225 D38i 2007
110 _aDevlet Meteoroloji İşleri Genel Müdürlüğü
245 _a2007 mali yılı kesin hesabı
_cDevlet Meteoroloji İşleri Genel Müdürlüğü
260 _aAnkara
_bDevlet Meteoroloji İşleri Genel Müdürlüğü
_c2007
300 _a47 s.
_btbl.
_c20 sm.
610 _aDevlet Meteoroloji İşleri Genel Müdürlüğü
_xKesin bütçe
_y2007
710 _aT.C. Çevre ve Orman Bakanlığı Devlet Meteoroloji İşleri Genel Müdürlüğü
942 _2ddc
_cBKS
999 _c6528
_d6528